Anthony, Sparks, or Koontz? Quiz Stats

 Plays Quiz not verified by Sporcle

Challenge
Share
Tweet
Embed
Score 0/28 Timer 03:00
0 Plays Today
Title Author % Correct
By The Light Of The Moon???
72.2%
Juxtaposition???
72.2%
The Longest Ride???
72.2%
Message In A Bottle???
66.7%
Race Against Time???
66.7%
Sole Survivor???
66.7%
A Bend In The Road???
66.7%
Odd Hours???
66.7%
The Choice???
61.1%
Night Mare???
61.1%
Refugee???
61.1%
Relentless???
61.1%
The Rescue???
61.1%
Safe Haven???
61.1%
Title Author % Correct
Shade Of The Tree???
61.1%
Twilight Eyes???
61.1%
From The Corner Of His Eye???
61.1%
And Eternity???
55.6%
The Guardian???
55.6%
Your Heart Belongs To Me???
55.6%
Heaven Cent???
55.6%
Lost Souls???
55.6%
The Door To December???
50%
The Husband???
50%
The Mask???
50%
True Believer???
44.4%
Luck Of The Draw???
38.9%
The Willing Spirit???
38.9%

You're not logged in!

Compare scores with friends on all Sporcle quizzes.
OR
Log In

You Might Also Like...

Show Comments

Extras

Top Quizzes Today


Score Distribution

Your Account Isn't Verified!

In order to create a playlist on Sporcle, you need to verify the email address you used during registration. Go to your Sporcle Settings to finish the process.

Report this User

Report this user for behavior that violates our Community Guidelines.

Details: